000
00245nam a22001097a 4500
082
_a
920/SHA
100
_a
Sharma, Summan Kumar
_9
80374
245
_a
Veer Savarkar
260
_a
Delhi
_b
Raj Pub
_c
2017
650
_a
Biography
_9
80375
942
_c
BK
999
_c
63756
_d
63756